000
00193nam a22000857a 4500
001
1301076
005
20260428112110.0
245
_a
SAFAHAT
_c
MEHMET AKİF ERSOY
260
_b
KİTAP ZAMANI YAYINLARI
999
_c
1301076
_d
1301076